Η ελληνική οικονομία και η απασχόληση : ετήσια έκθεση 2011

Αποθηκεύτηκε σε:
Λεπτομέρειες βιβλιογραφικής εγγραφής
Συγγραφή απο Οργανισμό/Αρχή: Ινστιτούτο Εργασίας ΓΣΕΕ-ΑΔΕΔΥ
Μορφή: Πρακτικό Συνεδρίου Βιβλίο
Γλώσσα:Greek
Δημοσίευση: Αθήνα : Ινστιτούτο Εργασίας ΓΣΕΕ-ΑΔΕΔΥ, 2011
Σειρά:Ινστιτούτο Εργασίας ΓΣΕΕ-ΑΔΕΔΥ ; ; 13
Θέματα:
Ετικέτες: Προσθήκη ετικέτας
Δεν υπάρχουν, Καταχωρήστε ετικέτα πρώτοι!

MARC

LEADER 00000cam a2200000 i 4500
001 1/16831
008 111128s2011 gre d
020 |a 978-960-7402-58-5 
035 |l 10111497 
040 |a GR-MY-UA  |b gre  |e aacr 
041 0 |a gre 
082 0 |a 330.9495  |2 (22) 
111 2 |a Ινστιτούτο Εργασίας ΓΣΕΕ-ΑΔΕΔΥ. 
245 1 2 |a Η ελληνική οικονομία και η απασχόληση :  |b ετήσια έκθεση 2011 /  |c Ινστιτούτο Εργασίας ΓΣΕΕ-ΑΔΕΔΥ 
260 |a Αθήνα :   |b Ινστιτούτο Εργασίας ΓΣΕΕ-ΑΔΕΔΥ,   |c 2011 
300 |a 383 σ.;  |b πίν., διαγρ.;  |c 28 εκ. 
490 1 |a Ινστιτούτο Εργασίας ΓΣΕΕ-ΑΔΕΔΥ  |v ; 13 
504 |a Βιβλιογραφία: σ. 379-383 
650 0 0 |a Employment (Economic theory) 
650 0 0 |a Unemployment  |z Greece. 
650 0 0 |a Occupational mobility  |z Greece  |x Statistics. 
650 0 0 |a Labor market  |z Greece  |x Statistics. 
651 0 |a Greece  |x Economic conditions  |x Statistics. 
651 0 |a Greece  |x Economic policy  |y 1974- 
830 0 |a Ινστιτούτο Εργασίας ΓΣΕΕ-ΑΔΕΔΥ ;  |v ; 13 
852 |a INST  |b CHIOS  |e 20111128  |h 330.9495 ΙΝΣ  |p 005200033406  |q 005200033406  |t BK  |y 0 
901 |a BIBL2-2011-3 
909 |a Χ  |b 168838 
970 |a ΣΑΛΑΜΟΥΡΑ  |b ΜΑΡΙΑ  |z 2011/11/28